00399nam a2200121Ia 4500008004100000245004800041245001100089260000900100650001400109856006200123999001900185952007300204171211s9999 xx 000 0 und d aProfessional English - English for Business cHeinle c2007 xLANGUAGES uhttp://down.ebook777.com/029/English%20for%20business.pdf c349728d349728 001040aCLbCLd2017-12-11l0r2017-12-11 00:00:00w2017-12-11yCBE